000 00277nam a22001217a 4500
999 _c13317
_d13317
020 _a978-969-210-294-0
082 _a658.8005
_b10386
100 _aDr. M.M.A Feeroze
245 _aOperations Research
260 _aKarachi
_bParamount Book
_c2021
300 _a274
942 _cBK